<?xml version="1.0" encoding="UTF-8"?>
<record
    xmlns:xsi="http://www.w3.org/2001/XMLSchema-instance"
    xsi:schemaLocation="http://www.loc.gov/MARC21/slim http://www.loc.gov/standards/marcxml/schema/MARC21slim.xsd"
    xmlns="http://www.loc.gov/MARC21/slim">

  <leader>03425nam a22002417a 4500</leader>
  <controlfield tag="003">DO-SdBJH</controlfield>
  <controlfield tag="005">20260701210807.0</controlfield>
  <controlfield tag="008">260630b2025    |||b|||| |||| 00| 0 spa d</controlfield>
  <datafield tag="040" ind1=" " ind2=" ">
    <subfield code="a">DO-SdBJH</subfield>
    <subfield code="b">spa</subfield>
    <subfield code="c">DO-SdBJH</subfield>
  </datafield>
  <datafield tag="041" ind1="0" ind2=" ">
    <subfield code="a">spa</subfield>
  </datafield>
  <datafield tag="090" ind1=" " ind2=" ">
    <subfield code="a">CT CM-0002</subfield>
    <subfield code="b">AMBC 2025</subfield>
  </datafield>
  <datafield tag="100" ind1="1" ind2=" ">
    <subfield code="a">De la Cruz Reinoso, Yadelin Esther</subfield>
    <subfield code="e">sustentante</subfield>
  </datafield>
  <datafield tag="245" ind1="1" ind2="0">
    <subfield code="a">Desaf&#xED;os de la 6ta Brigada de Infanter&#xED;a en apoyo a la seguridad ciudadana :</subfield>
    <subfield code="b">per&#xED;odo 2022-2023 /</subfield>
    <subfield code="c">Yadelin Esther De la Cruz Reinoso ; asesor de contenido George Omar Tejada Pimentel ; asesor metodol&#xF3;gico Reynaldo Cruz Camacho.</subfield>
  </datafield>
  <datafield tag="260" ind1=" " ind2=" ">
    <subfield code="a">Santo Domingo, Rep&#xFA;blica Dominicana :</subfield>
    <subfield code="b">UNADE,</subfield>
    <subfield code="c">2025.</subfield>
  </datafield>
  <datafield tag="300" ind1=" " ind2=" ">
    <subfield code="a">ix, 97, [02] p&#xE1;ginas :</subfield>
    <subfield code="b">mapa.</subfield>
  </datafield>
  <datafield tag="502" ind1=" " ind2=" ">
    <subfield code="a">Tesis y trabajos de grado (Licenciatura en Ciencias Militares)-- Universidad Nacional para la Defensa "General Juan Pablo Duarte y D&#xED;ez", Academia Militar "Batalla de las Carreras", Santo Domingo, 2025.</subfield>
  </datafield>
  <datafield tag="504" ind1=" " ind2=" ">
    <subfield code="a">Incluye referencias bibliogr&#xE1;ficas y anexos.</subfield>
  </datafield>
  <datafield tag="505" ind1=" " ind2=" ">
    <subfield code="a">Evoluci&#xF3;n hist&#xF3;rica y responsabilidades de la 6ta Brigada de Infanter&#xED;a en la seguridad ciudadana en a regi&#xF3;n sureste de la Rep&#xFA;blica Dominicana -- Principales estrategias implementadas por la 6ta Brigada de Infanter&#xED;a para contrarrestar las amenazas a la seguridad ciudadana en las provincias bajo su jurisdicci&#xF3;n -- Desaf&#xED;os que enfrenta la 6ta Brigada de Infanter&#xED;a en cuanto a las amenazas a la seguridad ciudadana en su jurisdicci&#xF3;n.</subfield>
  </datafield>
  <datafield tag="520" ind1=" " ind2=" ">
    <subfield code="a">El presente trabajo de investigaci&#xF3;n tiene como objetivo analizar los desaf&#xED;os que enfrenta la 6ta Brigada de Infanter&#xED;a del Ejercito de la Rep&#xFA;blica Dominicana en su apoyo a la seguridad ciudadana en la regi&#xF3;n suroeste en el periodo 2022-2023. El objeto de estudio propuesto en esta investigaci&#xF3;n es investigar las limitaciones experimentadas por la 6ta Brigada de Infanter&#xED;a para apoyar la seguridad p&#xFA;blica dentro de su Area de Responsabilidad (AOR) en el suroeste, para el periodo 2022 a 2023. La revisi&#xF3;n busca evaluar la efectividad de los medios desplegados, determinar las limitaciones operativas y estructurales existentes, as&#xED; como recomendar ajustes que permitan fortalecer capacidades contra amenazas que incluyen el narcotr&#xE1;fico, contrabando, el crimen organizado y la migraci&#xF3;n irregular. Se adopto un dise&#xF1;o cualitativo, documental y exploratorio a partir de fuentes primarias e investigaci&#xF3;n operativa, as&#xED; como fuentes secundarias como monograf&#xED;as institucionales, literatura especializada y documentos oficiales. El trasfondo sobre el tema se describe mediante representaciones textuales y tablas comparativas, que presentan los hallazgos m&#xE1;s relevantes . Los hallazgos sugieren que la brigada ha logrado un impacto significativo en la reducci&#xF3;n del crimen y el control de la fuerza ilegitima, mejorando as&#xED;, la percepci&#xF3;n de seguridad de la poblaci&#xF3;n. Np obstante, persisten problemas con equipos inadecuados , dificultades log&#xED;sticas, capacitaci&#xF3;n del personal y coordinaci&#xF3;n interagencial. Podr&#xED;a ser &#xFA;til actualizar los medios tecnol&#xF3;gicos y profesionalizar al personal, mejorar la colaboraci&#xF3;n con otras instituciones y eventualmente, tener en cuenta los aspectos socioecon&#xF3;micos al planificar la intervenci&#xF3;n. Estas medidas permitir&#xE1;n fortalecer la eficiencia de la brigada.</subfield>
  </datafield>
  <datafield tag="700" ind1="1" ind2=" ">
    <subfield code="a">Tejada Pimentel, George Omar</subfield>
    <subfield code="e">asesor de contenido</subfield>
  </datafield>
  <datafield tag="700" ind1="1" ind2=" ">
    <subfield code="a">Cruz Camacho, Reynaldo</subfield>
    <subfield code="e">asesor metodol&#xF3;gico</subfield>
  </datafield>
  <datafield tag="942" ind1=" " ind2=" ">
    <subfield code="2">CL</subfield>
    <subfield code="c">T</subfield>
  </datafield>
  <datafield tag="999" ind1=" " ind2=" ">
    <subfield code="c">8736</subfield>
    <subfield code="d">8736</subfield>
  </datafield>
  <datafield tag="952" ind1=" " ind2=" ">
    <subfield code="0">0</subfield>
    <subfield code="1">0</subfield>
    <subfield code="2">CL</subfield>
    <subfield code="4">0</subfield>
    <subfield code="7">0</subfield>
    <subfield code="8">TG</subfield>
    <subfield code="a">BJHA</subfield>
    <subfield code="b">BJHA</subfield>
    <subfield code="c">GEN</subfield>
    <subfield code="d">2026-06-30</subfield>
    <subfield code="i">25-02594</subfield>
    <subfield code="l">0</subfield>
    <subfield code="o">CT CM-0002 AMBC 2025</subfield>
    <subfield code="p">25-02594</subfield>
    <subfield code="r">2026-06-30 18:30:30</subfield>
    <subfield code="t">e.1</subfield>
    <subfield code="w">2026-06-30</subfield>
    <subfield code="y">T</subfield>
  </datafield>
</record>
